01556nam a2200409 a 450000100080000000500110000800800410001910000200006024501130008026001390019330000120033249000380034452002880038265000160067065000210068665000150070765000260072265000130074865000190076165000180078065000340079865000310083265000250086365000160088865000150090465000090091965300180092865300090094665300200095565300240097565300240099965300260102365300250104965300320107465300210110665300190112715029762026-03-23 1998 bl uuuu u00u1 u #d1 aMOURA, G. de M. aComportamento de cultivares e linhagens de soja na microrregião do Alto Purus, Acre.h[electronic resource] aIn: REUNIÃO DE PESQUISA DE SOJA DA REGIÃO CENTRAL DO BRASIL, 20., 1998, Londrina, PR. Ata e resumos... Londrina: EMBRAPA-CNPSoc1998 ap. 350. a(EMBRAPA-CNPSo. Documentos, 121). aCom o objetivo de avaliar o potencial produtivo de cultivares e linhagens precoces de soja na microrregião do Alto Purus no estado do Acre, conduziu-se no ano agrícola 97/98, um ensaio envolvendo 23 genótipos, em três épocas de semeadura: E1 (21.11), E2 (04.12) e E3 (16.12.97). aAcclimation aAgronomic traits aCrop yield aEnvironmental factors aSoybeans aVariety trials aAclimatação aCaracterísticas Agronômicas aComportamento de Variedade aCondição Ambiental aGlycine Max aRendimento aSoja aAclimatación aAcre aAlto Purus (AC) aAmazonia Occidental aAmazônia Ocidental aEnsayos de variedades aFactores ambientales aRendimiento de los cultivos aSemillas de soja aWestern Amazon